Estudio del método de elementos finitos e integración del programa ALGOR en el proceso de diseño de la empresa Hules Técnicos

Salvato in:
Dettagli Bibliografici
Autore principale: Arredondo Guevara, German
Altri autori: Vargas Vargas, Víctor G.
Natura: Libro
Pubblicazione: San José, Costa Rica 1992
Soggetti:
Tags: Aggiungi Tag
Nessun Tag, puoi essere il primo ad aggiungerne!!

MARC

LEADER 00000nam a2200000Ia 4500
003 005505
005 20221231144320.0
008 140114s1992 cr a m 000 ||s d
040 |c cru CEDI 
090 |a TFG 2634 
100 |a Arredondo Guevara, German  |9 12294 
245 |a Estudio del método de elementos finitos e integración del programa ALGOR en el proceso de diseño de la empresa Hules Técnicos 
260 |c 1992  |a San José, Costa Rica 
300 |a  vii, [153] hojas ; 28 cm.  
500 |a  Tesis (licenciatura en ingenieria mecanica)--Universidad de Costa Rica. Facultad de Ingeniería. Escuela de Ingenieria Mecanica 
650 |x ALGOR (PROGRAMAS PARA COMPUTADORA)   |x HULES TECNICOS (COSTA RICA) - INVESTIGACIONES   |x METODO DE ELEMENTOS FINITOS  |9 12296 
700 |9 12295  |a Vargas Vargas, Víctor G. 
942 |c TFG  |2 ddc 
999 |c 20033  |d 20033